The optics; problem solver (Record no. 271774)

000 -LEADER
fixed length control field 00330 a2200133 4500
001 - CONTROL NUMBER
control field 36701
022 ## - INTERNATIONAL STANDARD SERIAL NUMBER
International Standard Serial Number 0-87891-526-5
082 ## - DEWEY DECIMAL CLASSIFICATION NUMBER
Classification number 525 FOG
090 ## - LOCALLY ASSIGNED LC-TYPE CALL NUMBER (OCLC); LOCAL CALL NUMBER (RLIN)
-- 23747
-- 23747
100 ## - MAIN ENTRY--PERSONAL NAME
Personal name Fogiel Dr M
245 ## - TITLE STATEMENT
Title The optics; problem solver
Remainder of title problem solver
260 ## - PUBLICATION, DISTRIBUTION, ETC.
Place of publication, distribution, etc. New York
Name of publisher, distributor, etc. Research & Education association
300 ## - PHYSICAL DESCRIPTION
Extent 818P.
942 ## - ADDED ENTRY ELEMENTS (KOHA)
Institution code [OBSOLETE] NUST-CAE
Call number prefix 535 FOG
Holdings
Withdrawn status Lost status Damaged status Not for loan Collection code Permanent Location Current Location Date acquired Total Checkouts Full call number Barcode Date last seen Price effective from Koha item type
          College of Aeronautical Engineering (CAE) College of Aeronautical Engineering (CAE) 04/03/2017   535 FOG CAE62580 04/05/2017 04/05/2017 Book
© 2023 Central Library, National University of Sciences and Technology. All Rights Reserved.